000 00494nam a2200181Ia 4500
005 20250326125052.0
008 250326s9999 xx 000 0 und d
037 _aTextbook
040 _aFMSL
_beng
_cFMSL
041 _aeng
_2eng
084 _aX:9 L7.2
_qFMSL
100 _aKothari G M
245 0 _aLAbour demands and their adjudication
_cKothari G M
260 _aBombay
_bBombay, N M Tripathi
_c1977
300 _a867p
942 _cTB
_hX:9 L7.2
999 _c1276394
_d1276394